Score 0/38 Timer 04:00
0 Plays Today
Hint 4-Letter Word % Correct
Female spouseWIFE
94.6%
Pinocchio did this on a starWISH
93.5%
Clean with soap and waterWASH
93.4%
Nickel or dime, e.g.COIN
93%
Biblical brother of AbelCAIN
92.3%
☂ Type of insurance ☂LIFE
92.2%
Grain on a cobCORN
92%
☂ 'To ___ his own' ☂EACH
91.9%
☂ Autumn ☂FALL
90.5%
It begins on Ash WednesdayLENT
90.4%
Shopping centerMALL
90.2%
___ A SketchETCH
90.1%
___ we forgetLEST
90%
To make a loanLEND
89.5%
Deadly sinLUST
89.4%
Gin and tonic garnishLIME
89.3%
Lively partyBASH
89.2%
Fruit remnantCORE
89.1%
☂ ___ ___ go away ☂RAIN
89.1%
Hint 4-Letter Word % Correct
SolomonicWISE
89.1%
DittoSAME
89%
☂ Opposite of 'out of' ☂INTO
89%
☂ You ___ remember this... ☂MUST
89%
Brandenberg Concerto composerBACH
88.5%
Produced an eggLAID
88.4%
Beer or whisky ingredientMALT
88.2%
Feel concernCARE
88.2%
It can follow Ice, Ire, or FinLAND
88.1%
Ruler divisionINCH
87.8%
Ship's upright sparMAST
87.8%
☂ Several, a few ☂SOME
86.4%
Strong desireITCH
86.1%
Drew nearCAME
85.4%
Sudden attackRAID
85%
Ancient PeruvianINCA
84.9%
Togo's capitalLOMÉ
82.2%
'Young Frankenstein' assistantINGA
55.9%
An international non-governmental organizationINGO
55%

Today's Daily Dose

Remove Ads.
Support Sporcle.
Get the best of Sporcle when you Go Orange. This ad-free experience offers more features, more stats, and more fun while also helping to support Sporcle. Thank you for becoming a member.

You're not logged in!

Compare scores with friends on all Sporcle quizzes.
OR
Log In

Show Comments

Extras

Top Quizzes Today


Score Distribution

Your Account Isn't Verified!

In order to create a playlist on Sporcle, you need to verify the email address you used during registration. Go to your Sporcle Settings to finish the process.

Report this User

Report this user for behavior that violates our Community Guidelines.

Details: